000
00288nam a2200121Ia 4500
005
20260328104326.0
008
260328s9999||||xx |||||||||||||| ||und||
100
_a
Méndez, Ramón
245
0
_a
Mario Paredes /
_c
Ramón Méndez
260
_b
Colofon
650
_a
ARQUITECTOS
942
_c
BK
999
_c
11519
_d
11519